=LDR 00000nam 2200000 4500 =001 INLIS000000000027796 =005 20231214071436 =035 ##$$a 0010-061300000027796 =008 231214###########################0###### =041 ##$$a Ind =082 ##$$a 150 =090 ##$$a 155.2, Hal t =100 ##$$a Ahmadi, Abu =245 1#$$a Psikologi umum, Drs. Abu Ahmadi =260 ##$$a Jakarta :$b rineka cipta,$c 2003 =300 ##$$a ix, 259 hlm., 21 cm =650 #4$$a Psikologi =850 ##$$a NBPNMAT =084 ##$$a 150 AHM p =990 ##$$a 91090/BPAP-NTB/2014 =990 ##$$a 91939/BPAP-NTB/2014